Monetarismen - Statistics

General Stats
  • This quiz has been taken 67 times
  • The average score is 6 of 12
Answer Stats
Hint Answer % Correct
Vad innebär stagflation? Hög arbetslöshet och hög inflation samtidigt
88%
Under vilket årtionde grundas monetarismen? 1970-talet
75%
Vad heter personen som grundar monetarismen? Milton Friedman
75%
Vilket svenskt partis ekonomiska politik liknar monetarismens mest? Moderaternas
75%
Vilken stor händelse ligger bakom att teorin skapas? Oljekrisen
75%
Vad inom Keynesianismen var Friedman kritisk mot? Förhållningssättet mellan inflation och arbetslöshet
63%
Vad kallas konceptet när lönerna är höga, arbetslösheten låg och inflationen hög? Högkonjunktur
50%
Vad kallas motsatsen till förra frågan, dvs låga löner, hög arbetslöshet och låg inflation? Lågkonjunktur
50%
Vad blir resultatet (negativt) av svaret i föregående fråga? Högre arbetsköshet
38%
Vad anser Friedman och monetarismen att man ska prioritera i ett samhälle? Låg inflation
13%
Vilket begrepp inom den ekonomiska liberalismen med fokus på arbetslöshet stämmer överens med monetarismens syn på samma koncept? Malthusiansk kriscykel
13%
Hur kan ett samhälle reglera svaret i dom två senaste frågorna? Höja och sänka bankernas styrräntor.
0%
No matching quizzes found
Score Distribution
Percent of People with Each Score
Percentile by Number Answered
Your Score History
You have not taken this quiz